[Event "15th EUR-ch (w)"]
[Site "Plovdiv BUL"]
[Date "2014.07.14"]
[Round "8.4"]
[White "Hoang Thanh Trang"]
[Black "Szczepkowska-Horowska, Karina"]
[Result "1/2-1/2"]
[WhiteElo "2490"]
[BlackElo "2369"]
[EventDate "2014.07.06"]
[PlyCount "90"]

1.d4 Nf6 2.c4 d6 3.Nc3 Nbd7 4.e4 e5 5.d5 Nc5 6.f3 a5 7.Be3 Be7 8.Qd2 O-O 
9.Nge2 h6 10.Ng3 Nh7 11.Be2 Bg5 12.O-O Bd7 13.f4 exf4 14.Bxf4 Bxf4 15.Rxf4
Qg5 16.Raf1 Rae8 17.Qd1 Re5 18.Kh1 g6 19.Bg4 Be8 20.Nce2 h5 21.Bf3 h4 22.
Rg4 Qd8 23.Nf5 Kh8 24.Nh6 Bd7 25.Rf4 Kg7 26.Ng4 Bxg4 27.Bxg4 Nxe4 28.Nd4 
Nef6 29.Nf3 Nxg4 30.Rxg4 Rf5 31.Rxh4 Rxf3 32.Rxh7+ Kxh7 33.Qxf3 b6 34.Qc3 
Kg8 35.h3 Re8 36.Qf3 Qd7 37.Qg3 Re4 38.b3 Qe7 39.a4 Re3 40.Rf3 Re2 41.Qf4 
Re4 42.Qg3 Kg7 43.Kh2 Kg8 44.Rf4 Re3 45.Rf3 Re4 1/2-1/2

[Event "15th EUR-ch (w)"]
[Site "Plovdiv BUL"]
[Date "2014.07.14"]
[Round "8.5"]
[White "Danielian, Elina"]
[Black "Kashlinskaya, Alina"]
[Result "1-0"]
[WhiteElo "2458"]
[BlackElo "2441"]
[EventDate "2014.07.06"]
[PlyCount "75"]

1.d4 d5 2.c4 c6 3.Nf3 Nf6 4.Nc3 dxc4 5.a4 Bf5 6.Ne5 Nbd7 7.Nxc4 Nb6 8.Ne5 
a5 9.f3 h6 10.e4 Bh7 11.d5 Qc7 12.Bf4 Nh5 13.Nb5 Qb8 14.dxc6 bxc6 15.Qc1 
Qb7 16.Nxc6 e5 17.Bxe5 Rc8 18.Nc7+ Rxc7 19.Bxc7 Qxc7 20.Bb5 Nd7 21.Qd2 Bc5
22.Rc1 O-O 23.Ne7+ Kh8 24.Nd5 Qd6 25.Bxd7 Rd8 26.Qxa5 Qxd7 27.Rxc5 f5 28.
O-O fxe4 29.Qc7 Qe8 30.Qe7 Qg8 31.fxe4 Bg6 32.Qe5 Kh7 33.Ne7 Qb3 34.Nxg6 
Qe3+ 35.Kh1 Qe2 36.Qf5 Kg8 37.Rd5 Rb8 38.Qf3 1-0

[Event "15th EUR-ch (w)"]
[Site "Plovdiv BUL"]
[Date "2014.07.14"]
[Round "8.6"]
[White "Mammadzada, Gunay"]
[Black "Zhukova, Natalia"]
[Result "0-1"]
[WhiteElo "2182"]
[BlackElo "2451"]
[EventDate "2014.07.06"]
[PlyCount "98"]

1.e4 e5 2.Nf3 Nc6 3.Bb5 a6 4.Ba4 Nge7 5.O-O g6 6.c3 Bg7 7.d4 exd4 8.cxd4 
b5 9.Bb3 O-O 10.Nc3 d6 11.h3 Na5 12.Bc2 c5 13.Bg5 h6 14.Bh4 cxd4 15.Nxd4 
Bb7 16.Nd5 Bxd5 17.exd5 Rc8 18.Bxe7 Qxe7 19.Nc6 Nxc6 20.dxc6 Qe5 21.Re1 
Qxb2 22.Rb1 Qxa2 23.Bb3 Qa3 24.Re3 Qc5 25.Rc1 Qb4 26.Re7 d5 27.Rd7 Qf4 28.
g3 Qe5 29.Qxd5 Rc7 30.Qxe5 Bxe5 31.f4 Rxd7 32.cxd7 Bd4+ 33.Kg2 Kg7 34.Rc8 
Bf6 35.Bc2 Rd8 36.Rc7 Kf8 37.Ra7 Ke7 38.Rxa6 Rxd7 39.Be4 Rd2+ 40.Kf3 Bd4 
41.g4 b4 42.Ra5 b3 43.Rb5 Rf2+ 44.Kg3 Re2 45.Bd5 b2 46.Rb7+ Kd6 47.Bxf7 
Re7 48.Rxe7 b1=Q 49.Re6+ Kd7 0-1

[Event "15th EUR-ch (w)"]
[Site "Plovdiv BUL"]
[Date "2014.07.14"]
[Round "8.7"]
[White "Dzagnidze, Nana"]
[Black "Nikolova, Adriana"]
[Result "1/2-1/2"]
[WhiteElo "2541"]
[BlackElo "2303"]
[EventDate "2014.07.06"]
[PlyCount "145"]

1.d4 Nf6 2.c4 c5 3.d5 b5 4.cxb5 a6 5.bxa6 g6 6.Nf3 Bg7 7.g3 O-O 8.Bg2 d6 
9.Nc3 Nbd7 10.O-O Nb6 11.Re1 Bxa6 12.h3 Bc4 13.e4 Nfd7 14.Qc2 Ba6 15.b3 
Qc7 16.Bb2 Rfb8 17.Nd1 Bxb2 18.Nxb2 Ra7 19.Nd1 Nf6 20.Ne3 Nbd7 21.Ng4 h5 
22.Nh6+ Kg7 23.Nxf7 Kxf7 24.e5 Nf8 25.Ng5+ Kg7 26.exf6+ exf6 27.Ne6+ Nxe6 
28.dxe6 Qe7 29.Rad1 Rb6 30.Re3 Bb7 31.Bxb7 Raxb7 32.Rd5 Ra7 33.Qe2 Kf8 34.
Rd2 Qe8 35.Qf3 Kg7 36.Qd5 Re7 37.a4 Qc8 38.Rd1 Qc6 39.Qd3 Qc8 40.a5 Ra6 
41.Ra1 Qa8 42.Qb5 Qc6 43.Qxc6 Rxc6 44.a6 Rc8 45.Rd1 Rd8 46.g4 h4 47.Kf1 
Kf8 48.Rc3 Ke8 49.Ra1 Ra7 50.f4 f5 51.gxf5 gxf5 52.b4 cxb4 53.Rc6 Ke7 54.
Rb6 Kxe6 55.Rxb4 d5 56.Re1+ Kd6 57.Rb6+ Kc5 58.Ree6 d4 59.Ke2 d3+ 60.Kd2 
Rg7 61.Rg6 Rxg6 62.Rxg6 Rd4 63.Rg8 Kb6 64.Rg6+ Ka7 65.Rf6 Rxf4 66.Kxd3 
Rf3+ 67.Ke2 Rxh3 68.Rxf5 Rh1 69.Kf2 h3 70.Rh5 Kxa6 71.Kg3 Kb6 72.Rxh3 
Rxh3+ 73.Kxh3 1/2-1/2

[Event "15th EUR-ch (w)"]
[Site "Plovdiv BUL"]
[Date "2014.07.14"]
[Round "8.8"]
[White "Muzychuk, Maria"]
[Black "Guseva, Marina"]
[Result "1-0"]
[WhiteElo "2521"]
[BlackElo "2362"]
[EventDate "2014.07.06"]
[PlyCount "69"]

1.d4 d5 2.c4 c6 3.Nc3 Nf6 4.Nf3 e6 5.e3 Nbd7 6.Qc2 b6 7.Bd3 Bb7 8.O-O Be7 
9.Rd1 Qc7 10.b3 Rc8 11.Bb2 h6 12.Qe2 O-O 13.Rac1 dxc4 14.Bxc4 c5 15.dxc5 
bxc5 16.Ba6 Rfd8 17.Bxb7 Qxb7 18.e4 Nb6 19.a4 Rxd1+ 20.Rxd1 Nbd7 21.e5 Nd5
22.Nxd5 exd5 23.e6 Nf6 24.exf7+ Kxf7 25.Ne5+ Kg8 26.Ng6 Kf7 27.Nf4 d4 28.
Qc4+ Ke8 29.Re1 g5 30.Ng6 Rc7 31.Ba3 Qd5 32.Nxe7 Rxe7 33.Rxe7+ Kxe7 34.
Bxc5+ Ke6 35.Bxd4 1-0

[Event "15th EUR-ch (w)"]
[Site "Plovdiv BUL"]
[Date "2014.07.14"]
[Round "8.9"]
[White "Schleining, Zoya"]
[Black "Pogonina, Natalia"]
[Result "1-0"]
[WhiteElo "2376"]
[BlackElo "2508"]
[EventDate "2014.07.06"]
[PlyCount "85"]

1.d4 Nf6 2.c4 e6 3.Nf3 d5 4.Nc3 Be7 5.Bg5 h6 6.Bh4 O-O 7.e3 b6 8.Bd3 Bb7 
9.O-O Nbd7 10.Qe2 c5 11.cxd5 exd5 12.Rad1 Ne4 13.Bg3 Qc8 14.Rc1 Nxg3 15.
hxg3 Nf6 16.Ne5 Qe6 17.Qc2 a6 18.Bf5 Qd6 19.Nd3 c4 20.Ne5 b5 21.a3 Bc8 22.
g4 Bxf5 23.Qxf5 Rad8 24.f4 Nd7 25.Rf3 Nxe5 26.dxe5 Qb6 27.Kh2 d4 28.exd4 
Rxd4 29.Re1 Rd2 30.Qh5 Rxb2 31.f5 Qc6 32.Ne4 f6 33.g5 Qe8 34.Qxe8 Rxe8 35.
exf6 Bd6+ 36.Nxd6 Rxe1 37.f7+ Kf8 38.gxh6 Rbb1 39.hxg7+ Kxg7 40.Rg3+ Kh7 
41.f8=N+ Kh6 42.Nf7+ Kh5 43.Rg5+ 1-0

[Event "15th EUR-ch (w)"]
[Site "Plovdiv BUL"]
[Date "2014.07.14"]
[Round "8.10"]
[White "Gvetadze, Sopio"]
[Black "Stefanova, Antoaneta"]
[Result "0-1"]
[WhiteElo "2356"]
[BlackElo "2488"]
[EventDate "2014.07.06"]
[PlyCount "98"]

1.e4 e5 2.Nf3 Nc6 3.Bb5 a6 4.Ba4 Nf6 5.d3 d6 6.c3 g6 7.O-O Bg7 8.d4 b5 9.
Bb3 O-O 10.Be3 Na5 11.Bc2 Nc4 12.Bc1 exd4 13.cxd4 Bb7 14.b3 Nb6 15.Nbd2 d5
16.e5 Ne4 17.Nxe4 dxe4 18.Ng5 c5 19.Be3 Nd5 20.Nxe4 cxd4 21.Bxd4 Nf4 22.
Be3 Bxe5 23.Bxf4 Bxf4 24.Qg4 Be5 25.Rad1 Qc7 26.Rd7 Qc6 27.Re7 Rae8 28.
Rxb7 Qxb7 29.Qh4 Qc7 30.Bd3 f5 31.Ng5 Bf6 32.f4 Re3 33.Bb1 Rfe8 34.h3 Re2 
35.a4 Qb7 36.Qg3 Bxg5 37.Qxg5 Re1 38.Rxe1 Rxe1+ 39.Kh2 Rxb1 40.Qd8+ Kg7 
41.Qd4+ Kh6 42.Qf6 Rd1 43.axb5 axb5 44.Qf8+ Qg7 45.Qc5 Qd4 46.Qf8+ Kh5 47.
g4+ fxg4 48.hxg4+ Kxg4 49.Qc8+ Qd7 0-1

[Event "15th EUR-ch (w)"]
[Site "Plovdiv BUL"]
[Date "2014.07.14"]
[Round "8.11"]
[White "Kocetkova, Julia"]
[Black "Khurtsidze, Nino"]
[Result "0-1"]
[WhiteElo "2333"]
[BlackElo "2460"]
[EventDate "2014.07.06"]
[PlyCount "56"]

1.e4 c5 2.Nf3 e6 3.d4 cxd4 4.Nxd4 a6 5.Be2 Nf6 6.Nc3 Qc7 7.O-O d6 8.f4 Be7
9.Kh1 O-O 10.Be3 Nc6 11.Qe1 Nxd4 12.Bxd4 b5 13.a3 Bb7 14.Qg3 Rad8 15.Bd3 
Rd7 16.Rae1 Re8 17.Re3 g6 18.Ref3 Qd8 19.Qe1 Bf8 20.Rh3 Bg7 21.Nd1 e5 22.
Bc3 exf4 23.Rxf4 d5 24.e5 d4 25.Qf2 Ne4 26.Bxe4 dxc3 27.Nxc3 Bxe5 28.Rd3 
Bxc3 0-1

[Event "15th EUR-ch (w)"]
[Site "Plovdiv BUL"]
[Date "2014.07.14"]
[Round "8.12"]
[White "Mammadova, Gulnar"]
[Black "Pahtz, Elisabeth"]
[Result "1/2-1/2"]
[WhiteElo "2331"]
[BlackElo "2456"]
[EventDate "2014.07.06"]
[PlyCount "106"]

1.e4 c5 2.Nf3 e6 3.c3 Nf6 4.e5 Nd5 5.d4 cxd4 6.cxd4 b6 7.Nc3 Nxc3 8.bxc3 
Bb7 9.Bd3 Qc7 10.Bd2 d6 11.O-O Nd7 12.Bf4 Be7 13.Re1 O-O 14.Rc1 g6 15.c4 
Bxf3 16.Qxf3 dxe5 17.dxe5 Nc5 18.Bc2 Rad8 19.Red1 Rxd1+ 20.Rxd1 Rd8 21.
Rxd8+ Qxd8 22.Be3 Nd7 23.Qe4 Qc7 24.f4 Bc5 25.Kf2 Kg7 26.h4 Bxe3+ 27.Kxe3 
Qc5+ 28.Qd4 Qa3+ 29.Kd2 Qb4+ 30.Kd1 Qe7 31.g3 Nc5 32.Ke2 Qb7 33.Kf2 Qa8 
34.Qd6 Qe8 35.Qc7 Qd7 36.Qxd7 Nxd7 37.Ke3 Nc5 38.Kd4 h6 39.Kc3 a5 40.Kd4 
h5 41.Bd1 Kf8 42.Bf3 Ke7 43.Bd1 Kd7 44.Bf3 Kc7 45.Bd1 Kd7 46.Bf3 Na6 47.
Be4 Nb4 48.a3 Na6 49.Bf3 Nc5 50.Bd1 Kc7 51.Bf3 Nd7 52.Be4 Nc5 53.Bf3 Kd7 
1/2-1/2

[Event "15th EUR-ch (w)"]
[Site "Plovdiv BUL"]
[Date "2014.07.14"]
[Round "8.13"]
[White "Goriachkina, Alexandra"]
[Black "Bulmaga, Irina"]
[Result "1/2-1/2"]
[WhiteElo "2434"]
[BlackElo "2357"]
[EventDate "2014.07.06"]
[PlyCount "83"]

1.d4 Nf6 2.Nf3 e6 3.e3 c5 4.Bd3 cxd4 5.exd4 b6 6.O-O Bb7 7.Re1 Be7 8.b3 
O-O 9.Bb2 d6 10.Nbd2 Nbd7 11.c4 d5 12.Qe2 dxc4 13.bxc4 Re8 14.Rad1 Qc7 15.
h4 Ng4 16.g3 Ngf6 17.a3 Rad8 18.Bb1 Bd6 19.Ne5 Nxe5 20.dxe5 Bc5 21.Ne4 
Nxe4 22.Bxe4 Bxe4 23.Qxe4 Rd7 24.h5 Red8 25.Qe2 h6 26.Qc2 Qc6 27.Rxd7 Qxd7
28.a4 a5 29.Bc1 Qd3 30.Qxd3 Rxd3 31.Be3 Bxe3 32.Rxe3 Rxe3 33.fxe3 g6 34.
Kg2 Kg7 35.Kh3 g5 36.Kg2 f5 37.Kf2 Kf7 38.Ke2 Ke7 39.Kd3 Kd7 40.Kc3 Kc6 
41.Kd4 Kc7 42.Kd3 1/2-1/2

[Event "15th EUR-ch (w)"]
[Site "Plovdiv BUL"]
[Date "2014.07.14"]
[Round "8.14"]
[White "Vasilevich, Irina"]
[Black "Arabidze, Meri"]
[Result "0-1"]
[WhiteElo "2328"]
[BlackElo "2406"]
[EventDate "2014.07.06"]
[PlyCount "56"]

1.e4 c5 2.Nf3 e6 3.c4 a6 4.Nc3 Nc6 5.Be2 Qc7 6.O-O Nf6 7.d4 cxd4 8.Nxd4 b6
9.Nxc6 dxc6 10.f4 Bb7 11.e5 Rd8 12.Qc2 Ng8 13.f5 Qxe5 14.fxe6 Qxe6 15.Bh5 
g6 16.Bg5 Be7 17.Bxe7 Nxe7 18.Ne4 f5 19.Rae1 fxe4 20.Rxe4 Qd6 21.Qc3 Rf8 
22.Rxf8+ Kxf8 23.Bg4 c5 24.Qh8+ Ng8 25.Be6 Qd1+ 26.Kf2 Bxe4 27.Qxg8+ Ke7 
28.Qf7+ Kd6 0-1

[Event "15th EUR-ch (w)"]
[Site "Plovdiv BUL"]
[Date "2014.07.14"]
[Round "8.15"]
[White "Yildiz, Betul Cemre"]
[Black "Foisor, Cristina"]
[Result "0-1"]
[WhiteElo "2312"]
[BlackElo "2383"]
[EventDate "2014.07.06"]
[PlyCount "160"]

1.d4 g6 2.Nf3 Bg7 3.g3 c5 4.d5 b5 5.c4 bxc4 6.Bg2 d6 7.Nfd2 Nf6 8.Nxc4 O-O
9.O-O Nbd7 10.Nc3 Ba6 11.Qa4 Bxc4 12.Qxc4 Rb8 13.f4 Qa5 14.e4 Ne8 15.Bh3 
Nb6 16.Qb3 Nc7 17.Qc2 Nc4 18.Rf3 e6 19.Bf1 exd5 20.Nxd5 Nxd5 21.Qxc4 Nc7 
22.Rd3 Bd4+ 23.Rxd4 cxd4 24.Qxd4 Ne6 25.Qf6 Qc5+ 26.Kg2 Qc2+ 27.Kg1 Qxe4 
28.Bd2 Qd4+ 29.Qxd4 Nxd4 30.Bc3 Nf5 31.Rd1 Ne3 32.Rxd6 Nxf1 33.Kxf1 Rfd8 
34.Ra6 Rd7 35.g4 Rb6 36.Ra4 f6 37.Kf2 Kf7 38.h4 a6 39.g5 f5 40.Ra5 Re7 41.
Kf3 Re4 42.Be5 Rc6 43.Ra3 Ke6 44.Rd3 a5 45.Rd8 Rc2 46.Rd6+ Ke7 47.Rd3 a4 
48.Bf6+ Ke6 49.Bg7 Rcc4 50.Be5 Rxe5 51.fxe5 Rxh4 52.Rd8 Kxe5 53.Ra8 Kd5 
54.Ra7 Kc5 55.Ra8 Rg4 56.Ra7 Rh4 57.Ra8 Kb6 58.Ke3 Rg4 59.Kf3 Kb5 60.Ra7 
Rxg5 61.Rxh7 Rg4 62.Rb7+ Kc5 63.Ra7 Rb4 64.Ra6 Rg4 65.Ra8 Kd5 66.Rb8 Ke5 
67.Rb6 Rf4+ 68.Kg3 g5 69.b3 Rd4 70.Rg6 g4 71.Rb6 Rd3+ 72.Kh4 axb3 73.axb3 
Rh3+ 74.Kg5 Rf3 75.Rb5+ Ke4 76.Rb4+ Ke3 77.Rc4 g3 78.Rc2 f4 79.b4 Rf2 80.
Rc1 g2 0-1

[Event "15th EUR-ch (w)"]
[Site "Plovdiv BUL"]
[Date "2014.07.14"]
[Round "8.16"]
[White "Ambartsumova, Karina"]
[Black "Socko, Monika"]
[Result "0-1"]
[WhiteElo "2301"]
[BlackElo "2462"]
[EventDate "2014.07.06"]
[PlyCount "128"]

1.e4 g6 2.d4 d6 3.Nc3 Bg7 4.Nf3 Nf6 5.h3 O-O 6.Be3 a6 7.Bd3 b5 8.O-O Bb7 
9.a3 Nbd7 10.Re1 c5 11.d5 e6 12.Bf4 e5 13.Be3 Rc8 14.Qd2 c4 15.Bf1 Nc5 16.
Bg5 Qb6 17.g4 a5 18.Bg2 Ra8 19.Be3 Ba6 20.Nh2 Qc7 21.Bg5 Rfb8 22.Nf1 Bc8 
23.Ng3 b4 24.axb4 axb4 25.Nce2 Na4 26.b3 c3 27.Qe3 Nc5 28.Rf1 Ba6 29.Rfe1 
Bxe2 30.Qxe2 Ra5 31.Rxa5 Qxa5 32.h4 h6 33.Be3 Ra8 34.g5 hxg5 35.hxg5 Nh7 
36.Qc4 Bf8 37.f4 exf4 38.Bxf4 Qb6 39.Kh2 Nd7 40.Be3 Qb8 41.e5 Nxe5 42.Qf4 
Ra2 43.Re2 Qc8 44.Bh3 Qb7 45.Bg2 Qd7 46.Bh3 Qb5 47.Bg2 Be7 48.Qh4 Qd7 49.
Qxb4 Ng4+ 50.Kh1 Nxe3 51.Rxe3 Bxg5 52.Rxc3 Bd2 53.Qb8+ Kg7 54.Rc4 Qe7 55.
Qc8 Ra1+ 56.Kh2 Qe1 57.Nf1 Qe5+ 58.Kh1 Nf6 59.Qh3 Nh5 60.Rg4 Nf4 61.Qg3 
Qh5+ 62.Rh4 Qf5 63.Kh2 Nxg2 64.Nxd2 Nxh4 0-1

[Event "15th EUR-ch (w)"]
[Site "Plovdiv BUL"]
[Date "2014.07.14"]
[Round "8.17"]
[White "Skripchenko, Almira"]
[Black "Ptacnikova, Lenka"]
[Result "1-0"]
[WhiteElo "2449"]
[BlackElo "2310"]
[EventDate "2014.07.06"]
[PlyCount "85"]

1.e4 g6 2.d4 Bg7 3.Nc3 c6 4.Nf3 d6 5.Be3 Nf6 6.Qd2 Ng4 7.Bg5 f6 8.Bh4 e5 
9.h3 Nh6 10.Bc4 Qe7 11.O-O Nd7 12.a4 Nf7 13.Rfd1 h5 14.dxe5 dxe5 15.a5 g5 
16.Bg3 h4 17.Bh2 Bh6 18.Qe2 O-O 19.Nd2 Nc5 20.Nf1 Ne6 21.Qh5 Bg7 22.Ne3 
Nd4 23.Ne2 Nxe2+ 24.Qxe2 Be6 25.c3 Nh6 26.Rd2 Rad8 27.Rad1 Rxd2 28.Rxd2 
Bf7 29.Qd3 Re8 30.Kh1 Bf8 31.Bg1 Qc7 32.b4 b5 33.Bxf7+ Qxf7 34.Qd7 Re6 35.
f3 Qxd7 36.Rxd7 c5 37.Rxa7 cxb4 38.cxb4 Bxb4 39.Nd5 Bd2 40.a6 Nf7 41.Ra8+ 
Kg7 42.a7 Ra6 43.Rb8 1-0

[Event "15th EUR-ch (w)"]
[Site "Plovdiv BUL"]
[Date "2014.07.14"]
[Round "8.18"]
[White "Fuchs, Judith"]
[Black "Mkrtchian, Lilit"]
[Result "0-1"]
[WhiteElo "2280"]
[BlackElo "2446"]
[EventDate "2014.07.06"]
[PlyCount "136"]

1.e4 c5 2.Nf3 e6 3.d4 cxd4 4.Nxd4 Nc6 5.Nc3 Qc7 6.Be3 a6 7.Be2 b5 8.Nxc6 
Qxc6 9.Bf3 Bb7 10.O-O Qc7 11.Qd2 Bd6 12.Kh1 Nf6 13.a3 h5 14.Rad1 Be5 15.
Bd4 Bxd4 16.Qxd4 Ng4 17.Qd6 Qxd6 18.Rxd6 Ke7 19.Rd4 Bc6 20.Be2 g5 21.Kg1 
Ne5 22.Nb1 Ng6 23.Rfd1 Ra7 24.Nc3 g4 25.Bf1 Rb8 26.Re1 f6 27.Nd5+ Kf7 28.
Nb4 Ba8 29.Rd6 a5 30.Na6 Rbb7 31.Nc5 Rc7 32.b4 axb4 33.axb4 Bc6 34.c4 bxc4
35.Bxc4 Ne5 36.Be2 Ke7 37.Rdd1 Ra2 38.f3 d6 39.Nd3 Bb5 40.Nf4 Bxe2 41.Rxe2
Rxe2 42.Nxe2 gxf3 43.gxf3 Nxf3+ 44.Kf2 Nxh2 45.Rh1 Ng4+ 46.Kf3 Ne5+ 47.Ke3
Rb7 48.Rxh5 Rxb4 49.Rh7+ Nf7 50.Nd4 Rc4 51.Rg7 Rc3+ 52.Kd2 Rc5 53.Rh7 Rg5 
54.Ke3 Rg3+ 55.Ke2 Rc3 56.Kd2 Rc8 57.Kd3 Re8 58.Ke3 Kf8 59.Rh1 Ng5 60.Nb5 
Ke7 61.Ra1 Rd8 62.Nd4 Rd7 63.Nc6+ Kf7 64.Rf1 Rc7 65.Na5 Rc3+ 66.Kd4 Ra3 
67.Nc4 Ra4 68.Rb1 Nxe4 0-1

[Event "15th EUR-ch (w)"]
[Site "Plovdiv BUL"]
[Date "2014.07.14"]
[Round "8.19"]
[White "Milliet, Sophie"]
[Black "Olsarova, Tereza"]
[Result "0-1"]
[WhiteElo "2406"]
[BlackElo "2251"]
[EventDate "2014.07.06"]
[PlyCount "54"]

1.c4 c6 2.e4 e5 3.Nf3 d6 4.d4 Nd7 5.Nc3 Ngf6 6.Be2 Be7 7.O-O O-O 8.Be3 Re8
9.d5 a6 10.b4 Nf8 11.Nd2 a5 12.Rb1 axb4 13.Rxb4 c5 14.Ra4 Rxa4 15.Qxa4 Ng4
16.Bxg4 Bxg4 17.Qb5 Ng6 18.Qxb7 Bg5 19.Re1 Bf4 20.Nf1 Nh4 21.Ng3 Nxg2 22.
Rb1 Nxe3 23.fxe3 Bxe3+ 24.Kg2 Qh4 25.Rf1 Bh3+ 26.Kh1 Bxf1 27.Nd1 Bd4 0-1

[Event "15th EUR-ch (w)"]
[Site "Plovdiv BUL"]
[Date "2014.07.14"]
[Round "8.20"]
[White "Agrest, Inna"]
[Black "Savina, Anastasia"]
[Result "1/2-1/2"]
[WhiteElo "2223"]
[BlackElo "2383"]
[EventDate "2014.07.06"]
[PlyCount "167"]

1.e4 c5 2.Nc3 Nc6 3.Nge2 e5 4.Nd5 Nf6 5.Nec3 d6 6.Bc4 Be7 7.d3 Nxd5 8.Nxd5
O-O 9.O-O Be6 10.c3 Na5 11.f4 exf4 12.Bxf4 Bg5 13.Qh5 h6 14.h4 Bxf4 15.
Rxf4 Nxc4 16.dxc4 f6 17.Rd1 Qe8 18.Qe2 Bxd5 19.Rxd5 Qe6 20.Qh5 Rae8 21.Rg4
Kh8 22.Qg6 Rf7 23.Rd1 Rfe7 24.b3 Qf7 25.Qxf7 Rxf7 26.Kf2 Re6 27.Rf4 Kg8 
28.Rd5 g5 29.hxg5 hxg5 30.Rg4 Kg7 31.Ke3 Rfe7 32.Kd3 Kg6 33.b4 b6 34.a3 
Rh7 35.a4 Rh1 36.a5 bxa5 37.bxc5 dxc5 38.Rxc5 Ra6 39.e5 Kf5 40.Rg3 fxe5 
41.Rf3+ Kg6 42.Rxe5 a4 43.Rff5 Rd6+ 44.Kc2 g4 45.Rg5+ Kf6 46.Ref5+ Ke6 47.
Ra5 Rdd1 48.Rxa4 Rc1+ 49.Kd2 Rhd1+ 50.Ke2 Re1+ 51.Kf2 Re4 52.Ra6+ Kf7 53.
Rf5+ Ke7 54.Rxa7+ Ke6 55.Rb5 Rc2+ 56.Kg3 Rxc3+ 57.Kh4 g3+ 58.Kh3 Rexc4 59.
Ra6+ Rc6 60.Rxc6+ Rxc6 61.Kxg3 Kf6 62.Kh4 Kg6 63.Rg5+ Kh6 64.Rg8 Rc4+ 65.
Kg3 Rc3+ 66.Kh4 Rc4+ 67.g4 Rc6 68.g5+ Kh7 69.Ra8 Rc1 70.Ra6 Kg7 71.Ra4 
Rh1+ 72.Kg4 Rg1+ 73.Kf5 Rf1+ 74.Kg4 Rg1+ 75.Kf5 Rf1+ 76.Rf4 Rxf4+ 77.Kxf4 
Kg6 78.Kg4 Kg7 79.Kf5 Kf7 80.g6+ Kg7 81.Kg5 Kg8 82.Kf6 Kf8 83.g7+ Kg8 84.
Kg6 1/2-1/2

[Event "15th EUR-ch (w)"]
[Site "Plovdiv BUL"]
[Date "2014.07.14"]
[Round "8.21"]
[White "Charochkina, Daria"]
[Black "Kazimova, Narmin"]
[Result "1-0"]
[WhiteElo "2375"]
[BlackElo "2180"]
[EventDate "2014.07.06"]
[PlyCount "79"]

1.c4 e5 2.Nc3 Nc6 3.e3 g6 4.d4 d6 5.Nf3 Bg7 6.d5 Nce7 7.e4 h6 8.h3 f5 9.
exf5 gxf5 10.Nh4 Nf6 11.g4 fxg4 12.hxg4 c6 13.g5 hxg5 14.Bxg5 Bg4 15.f3 
Bd7 16.Qd2 Qc7 17.Ne4 Nxe4 18.fxe4 Bf8 19.O-O-O cxd5 20.exd5 O-O-O 21.Kb1 
Nf5 22.Qf2 Qc5 23.Qxc5+ dxc5 24.Bd3 e4 25.Bxd8 Ne3 26.Ng6 Rxh1 27.Rxh1 
exd3 28.Bg5 Bf5 29.Bxe3 Bxg6 30.Kc1 Kd7 31.Kd2 a6 32.Rg1 Be4 33.Rg4 Bh7 
34.Rf4 Ke8 35.Rf6 b5 36.b3 b4 37.Rc6 Bg7 38.Rxc5 Bc3+ 39.Kc1 Bf5 40.Rc6 
1-0

[Event "15th EUR-ch (w)"]
[Site "Plovdiv BUL"]
[Date "2014.07.14"]
[Round "8.22"]
[White "Abdulla, Khayala"]
[Black "Kursova, Maria"]
[Result "1/2-1/2"]
[WhiteElo "2233"]
[BlackElo "2331"]
[EventDate "2014.07.06"]
[PlyCount "152"]

1.e4 c5 2.Nf3 e6 3.d4 cxd4 4.Nxd4 Nc6 5.Nc3 Qc7 6.Be2 a6 7.O-O Nf6 8.Be3 
Be7 9.f4 d6 10.Kh1 O-O 11.Qe1 Nxd4 12.Bxd4 b5 13.a3 Bb7 14.Qg3 Rad8 15.
Rae1 Rd7 16.Bd3 Re8 17.Qh3 e5 18.Be3 Bd8 19.fxe5 dxe5 20.Bg5 Rd6 21.Re3 
Qd7 22.Bxf6 Bxf6 23.a4 Qxh3 24.Rxh3 bxa4 25.Nxa4 Rc8 26.Ra1 Bd8 27.Nc3 a5 
28.Nb5 Rd7 29.Rf3 Bb6 30.b3 Kf8 31.Na3 Bd4 32.Raf1 f6 33.Nc4 Ra8 34.Na3 
Ke7 35.Nb5 a4 36.Nxd4 Rxd4 37.c3 Rxd3 38.Rxd3 axb3 39.Re3 b2 40.Rb1 Ra4 
41.Kg1 Bxe4 42.Rxb2 f5 43.Ree2 h5 44.h4 Ra6 45.Rb5 Ke6 46.Reb2 Ra1+ 47.Kh2
f4 48.Re2 Kf5 49.Rb8 Ra6 50.Rf8+ Rf6 51.Re8 Rc6 52.Rh8 Rc4 53.Rxh5+ Kf6 
54.Rh8 Bc6 55.Rf8+ Ke6 56.h5 Bd7 57.Kg1 Ke7 58.Ra8 Kf6 59.Rf8+ Ke7 60.Rb8 
Kf6 61.Rb6+ Bc6 62.Rb3 e4 63.Rd2 Kg5 64.Rd4 Rc5 65.Rbb4 Bd5 66.c4 Bc6 67.
Rb8 e3 68.Kf1 Ra5 69.Rf8 Ra1+ 70.Ke2 Ra2+ 71.Ke1 Rf2 72.Rg8 Bxg2 73.Rxg7+ 
Kxh5 74.Rxg2 Rxg2 75.Rxf4 Rc2 76.Re4 Kg5 1/2-1/2

[Event "15th EUR-ch (w)"]
[Site "Plovdiv BUL"]
[Date "2014.07.14"]
[Round "8.23"]
[White "Mamedyarova, Turkan"]
[Black "Ovod, Evgenia"]
[Result "1/2-1/2"]
[WhiteElo "2205"]
[BlackElo "2330"]
[EventDate "2014.07.06"]
[PlyCount "112"]

1.e4 c5 2.c3 d5 3.exd5 Qxd5 4.d4 e6 5.Nf3 Nf6 6.Be2 Nc6 7.O-O cxd4 8.cxd4 
Be7 9.Nc3 Qd6 10.a3 O-O 11.Be3 a6 12.Qd2 Rd8 13.Rfd1 b5 14.b4 Bb7 15.Ng5 
Na7 16.Rac1 h6 17.Nf3 Nc6 18.Bf4 Qd7 19.Bd3 Qe8 20.h3 Rd7 21.Qe3 Rad8 22.
Bb1 Bf8 23.Rd2 Ba8 24.Rcd1 Rc8 25.Rb2 Ne7 26.Ne5 Rdc7 27.Ne2 Ned5 28.Qg3 
Nxf4 29.Qxf4 Bd6 30.Rb3 Bd5 31.Re3 Qe7 32.Qh4 Nd7 33.Qh5 Nf6 34.Qh4 Ne8 
35.Qxe7 Bxe7 36.Nf4 Rc1 37.Ree1 Rxd1 38.Rxd1 Bb3 39.Re1 a5 40.bxa5 Bxa3 
41.Be4 Nd6 42.Bf3 b4 43.a6 Rc7 44.Nc6 Ba4 45.Nxb4 Bxb4 46.Ra1 Nb5 47.Rxa4 
Bd6 48.Nd3 Rc3 49.g3 Rxd3 50.Be2 Rb3 51.Bxb5 Bb8 52.Be2 Ba7 53.Kg2 g6 54.
Rc4 Ra3 55.Rb4 Kg7 56.g4 g5 1/2-1/2

[Event "15th EUR-ch (w)"]
[Site "Plovdiv BUL"]
[Date "2014.07.14"]
[Round "8.24"]
[White "Galoian, Lilit"]
[Black "Bodnaruk, Anastasia"]
[Result "0-1"]
[WhiteElo "2277"]
[BlackElo "2429"]
[EventDate "2014.07.06"]
[PlyCount "80"]

1.g3 g6 2.Bg2 Bg7 3.c4 e5 4.Nc3 d6 5.e4 Nc6 6.d3 Nge7 7.Nge2 O-O 8.O-O Be6
9.Nd5 h6 10.Be3 Nd4 11.Bxd4 exd4 12.Nef4 Bd7 13.Nxe7+ Qxe7 14.Nd5 Qd8 15.
h4 g5 16.hxg5 hxg5 17.Nb4 a5 18.Nc2 g4 19.Qd2 Qf6 20.f4 gxf3 21.Rxf3 Qg6 
22.Qf2 c5 23.Rf1 Be5 24.Na3 Bg4 25.Rf6 Bxf6 26.Qxf6 Be2 27.Rf5 Qxf6 28.
Rxf6 Bxd3 29.Nb5 Bxc4 30.Nxd6 Bxa2 31.Nxb7 c4 32.e5 c3 33.Rf2 Bb1 34.bxc3 
dxc3 35.Nd6 c2 36.Rf1 a4 37.Bd5 a3 38.Ne4 a2 39.Nf6+ Kg7 40.Nh5+ Kh6 0-1

[Event "15th EUR-ch (w)"]
[Site "Plovdiv BUL"]
[Date "2014.07.14"]
[Round "8.25"]
[White "Daulyte, Deimante"]
[Black "Olsarova, Karolina"]
[Result "1-0"]
[WhiteElo "2405"]
[BlackElo "2274"]
[EventDate "2014.07.06"]
[PlyCount "77"]

1.d4 Nf6 2.Nc3 c5 3.dxc5 e6 4.e4 Nc6 5.Be3 Qa5 6.Bd3 Bxc5 7.Bxc5 Qxc5 8.
Nf3 a6 9.O-O b5 10.Qd2 O-O 11.a3 d6 12.Ne2 e5 13.Ng3 Be6 14.Nh4 h6 15.Nhf5
Bxf5 16.Nxf5 Rad8 17.b4 Qb6 18.c4 bxc4 19.Bxc4 Nxe4 20.Qd5 Nc3 21.Qxc6 
Qxc6 22.Ne7+ Kh8 23.Nxc6 Rc8 24.Na5 d5 25.Bxa6 Ra8 26.Rfc1 d4 27.Bf1 Rac8 
28.Nc4 e4 29.a4 f5 30.Nd6 Rcd8 31.Nb5 Nxb5 32.Bxb5 d3 33.Bc6 Rd4 34.a5 f4 
35.Re1 d2 36.Red1 e3 37.Bf3 Re8 38.Kf1 Rxb4 39.a6 1-0

[Event "15th EUR-ch (w)"]
[Site "Plovdiv BUL"]
[Date "2014.07.14"]
[Round "8.26"]
[White "Guramishvili, Sopiko"]
[Black "Manakova, Maria"]
[Result "1/2-1/2"]
[WhiteElo "2402"]
[BlackElo "2273"]
[EventDate "2014.07.06"]
[PlyCount "86"]

1.Nf3 Nf6 2.c4 g6 3.Nc3 d5 4.cxd5 Nxd5 5.h4 h5 6.Qb3 Nb6 7.Ng5 e6 8.d3 Nc6
9.Nge4 Nd4 10.Qd1 Be7 11.Bf4 f6 12.e3 e5 13.Bh2 Nc6 14.Qb3 a5 15.a3 a4 16.
Qa2 Bf5 17.Rd1 Qd7 18.d4 exd4 19.Bb5 O-O-O 20.Rxd4 Qe6 21.Qxe6+ Bxe6 22.
Rxd8+ Rxd8 23.Nxa4 Nxa4 24.Bxa4 f5 25.Nc3 Bxh4 26.Bxc6 bxc6 27.Bxc7 Bxf2+ 
28.Kxf2 Kxc7 29.Rd1 Rb8 30.b4 g5 31.Rc1 Kd6 32.Ne2 Bd5 33.Ng3 Ke5 34.Nxh5 
Ra8 35.Ra1 c5 36.bxc5 Rb8 37.Re1 Rb3 38.Re2 Rxa3 39.Rc2 Be4 40.Rb2 Rc3 41.
Ng3 Bd5 42.Ne2 Rxc5 43.Nd4 Ra5 1/2-1/2

[Event "15th EUR-ch (w)"]
[Site "Plovdiv BUL"]
[Date "2014.07.14"]
[Round "8.27"]
[White "Gaponenko, Inna"]
[Black "Foisor, Mihaela-Veronica"]
[Result "1-0"]
[WhiteElo "2380"]
[BlackElo "2257"]
[EventDate "2014.07.06"]
[PlyCount "59"]

1.f4 d5 2.Nf3 c5 3.g3 Nc6 4.Bg2 g6 5.O-O Bg7 6.d3 Nf6 7.Qe1 d4 8.a4 O-O 9.
Na3 Be6 10.Bd2 Qd7 11.Ng5 Bf5 12.Nc4 h6 13.Nf3 Bh3 14.Nfe5 Nxe5 15.Nxe5 
Qc8 16.Bxh3 Qxh3 17.e4 dxe3 18.Bxe3 b6 19.Qe2 h5 20.f5 Nd5 21.Bd2 h4 22.
fxg6 fxg6 23.g4 Bxe5 24.Qxe5 Qxg4+ 25.Kh1 e6 26.Bh6 Rf7 27.Rxf7 Kxf7 28.
Qg7+ Ke8 29.Rf1 Ne7 30.Qf8+ 1-0